[Event "Puri Odisha op"]
[Site "Puri"]
[Date "2017.12.14"]
[Round "2"]
[White "Mishra, Soumyaranjan"]
[Black "Sandeepta, Kumar Dash"]
[Result "1-0"]
[WhiteElo "2197"]
[BlackElo "1314"]
[PlyCount "79"]
[EventDate "2017.12.14"]
[EventType "swiss"]
[EventRounds "9"]
[EventCountry "IND"]
[SourceTitle "CBM 182 Extra"]
[Source "ChessBase"]
[SourceDate "2018.02.23"]
[SourceVersion "1"]
[SourceVersionDate "2018.02.23"]
[SourceQuality "1"]

1. e4 c5 2. Nf3 d6 3. c3 Nf6 4. h3 Nxe4 5. Qa4+ Nc6 6. Qxe4 d5 7. Qh4 Bf5 8. Bb5 Qc7 9. 0-0 e6 10. d4 Be7 11. Qg3 Bd6 12. Qh4 f6 13. dxc5 Bxc5 14. Nd4 Bxd4 15. cxd4 g5 16. Qh5+ Ke7 17. Bxc6 Qxc6 18. Nc3 Rag8 19. Re1 Kd8 20. Bd2 g4 21. hxg4 Bxg4 22. Qh4 Rg6 23. Bf4 Kd7 24. Rac1 Qb6 25. Na4 Qxd4 26. Nc5+ Ke8 27. Nxe6 Bxe6 28. Rxe6+ Kd7 29. Re7+ Kxe7 30. Bd6+ Kxd6 31. Qxd4 Rhg8 32. Qc5+ Ke5 33. Re1+ Kf4 34. Qd6+ Kg5 35. Re7 h5 36. Qg3+ Kf5 37. Qf3+ Kg5 38. Qe3+ Kf5 39. g3 h4 40. Qf4# 1-0